header

The library's crisis communications planner (Record no. 114067)

MARC details
000 -LEADER
fixed length control field 01514nam a2200349 a 4500
082 04 - DEWEY DECIMAL CLASSIFICATION NUMBER
Classification number 021.7
100 1# - MAIN ENTRY--AUTHOR NAME
Personal name Thenell, Jan.
245 14 - TITLE STATEMENT
Title The library's crisis communications planner
260 ## - PUBLICATION, DISTRIBUTION, ETC. (IMPRINT)
Place of publication Chicago :
Name of publisher American Library Association,
Year of publication c2004.
300 ## - PHYSICAL DESCRIPTION
Number of Pages vii, 77 p. :
Other physical details ill.
650 #0 - SUBJECT ADDED ENTRY--TOPICAL TERM
Topical Term Libraries
Topical Term Archives
Topical Term Libraries
Topical Term Archives
Topical Term Libraries and mass media.
Topical Term Crisis management
856 40 - ELECTRONIC LOCATION AND ACCESS
Uniform Resource Identifier http://site.ebrary.com/lib/rucke/Doc?id=10194683

No items available.

© 2026 Rongo University
Contact us: librarian | system librarian | Rongo university